Belated Swan Song: (Record no. 591560)
[ view plain ]
| 000 -LEADER | |
|---|---|
| fixed length control field | 00391nam a22001337a 4500 |
| 003 - CONTROL NUMBER IDENTIFIER | |
| control field | NUST |
| 005 - DATE AND TIME OF LATEST TRANSACTION | |
| control field | 20221007094055.0 |
| 082 ## - DEWEY DECIMAL CLASSIFICATION NUMBER | |
| Classification number | 823.912, QAY |
| 100 ## - MAIN ENTRY--PERSONAL NAME | |
| Personal name | Qayoom, Maj Gen (R) Main Abdul |
| 9 (RLIN) | 99432 |
| 245 ## - TITLE STATEMENT | |
| Title | Belated Swan Song: |
| Remainder of title | A Military Biography / |
| Statement of responsibility, etc. | Maj Gen (R) Main Abdul Qayoom, HI (M) |
| 260 ## - PUBLICATION, DISTRIBUTION, ETC. | |
| Place of publication, distribution, etc. | Pakistan |
| Name of publisher, distributor, etc. | Creative Plus Pub |
| Date of publication, distribution, etc. | 2022 |
| 300 ## - PHYSICAL DESCRIPTION | |
| Extent | 284: pages |
| 942 ## - ADDED ENTRY ELEMENTS (KOHA) | |
| Source of classification or shelving scheme | |
| Koha item type | Book |
| Withdrawn status | Lost status | Source of classification or shelving scheme | Damaged status | Not for loan | Permanent Location | Current Location | Shelving location | Date acquired | Total Checkouts | Full call number | Barcode | Date last seen | Date last checked out | Price effective from | Koha item type | Public note |
|---|---|---|---|---|---|---|---|---|---|---|---|---|---|---|---|---|
| Military College of Signals (MCS) | Military College of Signals (MCS) | General Stacks | 10/07/2022 | 1 | 823.912,QAY | MCS38604 | 04/12/2023 | 04/11/2023 | 10/07/2022 | Book | Almirah Fresh No.45, Shelf No.6 |
